Statistics for A-Z Pokemon

Click here to take the quiz!

General Stats

  • This quiz has been taken 5 times
  • The average score is 2 of 26

Answer Stats

Answer% Correct
PPikachu
50%
AArbok
25%
XXerneas
25%
VVictini
25%
SSquirtle
25%
ZZebstrika
25%
GGrotle
0%
RRoggenrola
0%
YYamask
0%
CCombusken
0%
WWatchdog
0%
DDrifloon
0%
UUnown
0%
TTyphlosion
0%
EEmpoleon
0%
QQuilava
0%
HHonchkrow
0%
FFloatzel
0%
OOshawatt
0%
BBayleef
0%
MMonferno
0%
LLitten
0%
KKlefki
0%
JJellicent
0%
IInfernape
0%
NNoibat
0%

Score Distribution

Percentile by Number Answered

Percent of People with Each Score

Your Score History

You have not taken this quiz